| 000 | 00912nas a2200301 4500 | ||
|---|---|---|---|
| 001 | BR0101483 | ||
| 003 | BR-BrBNA | ||
| 005 | 20231205102139.0 | ||
| 007 | ta | ||
| 008 | 230509b bl.|||p| |||| 00| 00por d | ||
| 040 |
_aBR-BrBNA _bpor _cBiblioteca Nacional de Agricultura |
||
| 041 | _a(En) | ||
| 072 | _aQ80; J11 | ||
| 100 | 1 | _aPereira, A.V. | |
| 100 | 1 | _aCalbo, A.G. | |
| 245 | 1 | _aElastic stresses and plastic deformations in "Santa Clara" tomato fruits caused by package dependent compression | |
| 650 | _aTomate | ||
| 650 | _aEmbalagem | ||
| 650 | _aPlastico | ||
| 650 | _aDano Mecanico | ||
| 650 | _aPorosidade | ||
| 650 | _aPerda Pos-Colheita | ||
| 650 | _aEmbalagem | ||
| 650 | _aArmazenamento | ||
| 773 | 0 |
_tPesquisa Agropecuaria Brasileira (Brazil) _xISSN 0100-204X _g(Dec 2000), v. 35(12) p. 2429-2436 _wBR0101483 |
|
| 909 |
_a202311 _bLúcia _c55 _dLúcia Elande |
||
| 942 |
_2AGRIS _n0 _cANA |
||
| 999 |
_c165987 _d165987 |
||